000 00603nam a2200229Ia 4500
005 20260320201917.0
008 008 262003s9999 xx 000 0 eng d
037 _aEBOOK
040 _aCRL
040 _beng
040 _cCRL
041 _2eng
041 _aeng
084 _qCRL
100 _aSantana
_91136008
245 0 _aMastering the Java Virtual Machine: An in-depth guide to JVM internals and performance optimization
260 _bIEEE
856 _uhttps://ieeexplore.ieee.org/servlet/opac?bknumber=10769260
942 _cEBOOK
999 _c1724232
_d1724232